Statistics for Last 8 teams in Europa League since 2000

Click here to take the quiz!

General Stats

  • This quiz has been taken 225 times
    (56 since last reset)
  • The average score is 57 of 89

Answer Stats

Teams % Correct
Inter Milan
98%
Chelsea
96%
Manchester United
96%
Sevilla
96%
Arsenal
94%
Borussia Dortmund
94%
Marseille
94%
AC Milan
94%
Atletico Madrid
92%
Valencia
92%
Juventus
92%
Paris Saint-Germain
88%
AFC Ajax
88%
Bayern Munich
88%
Dynamo Kiev
88%
Tottenham Hotspur
86%
SSC Napoli
86%
Lyon
86%
CSKA Moscow
84%
Porto
84%
Lazio
84%
Copenhagen
84%
Liverpool
84%
Manchester City
82%
PSV Eindhoven
82%
FC Zenit
82%
SL Benfica
82%
RB Salzburg
80%
Basel
80%
Galatasaray SK
80%
Bayer Leverkusen
80%
Athletic Bilbao
78%
FC Barcelona
78%
Besiktas
78%
Celtic FC
76%
Club Brugge
76%
Sporting CP
76%
Rangers FC
73%
Villarreal
73%
RB Leipzig
73%
Fenerbahçe
73%
Feyenoord
73%
Schalke 04
73%
Shakhtar Donetsk
73%
Sparta Prague
73%
RSC Anderlecht
71%
Wolverhampton Wanderers
71%
Bordeaux
67%
Werder Bremen
67%
Eintracht Frankfurt
67%
Hamburg
67%
Rapid Bucharest
65%
VfL Wolfsburg
61%
SC Braga
59%
KRC Genk
59%
Steaua Bucharest
59%
Newcastle United
59%
Slavia Prague
57%
Fulham
53%
RCD Espanyol
53%
Hannover 96
51%
Leeds United
51%
Fiorentina
51%
Panathinaïkos
51%
Getafe
51%
Austria Wien
51%
Spartak Moscow
51%
FC Dnipro
49%
AZ Alkmaar
47%
Udinese
45%
Parma
43%
Celta Vigo
43%
FC Twente
39%
Standard Liège
39%
Rubin Kazan
37%
Malaga
37%
Boavista
35%
RCD Mallorca
29%
RC Lens
29%
Levski Sofia
27%
Middlesbrough
27%
AJ Auxerre
22%
Deportivo Alavés
20%
Kaiserslautern
20%
Metalist Kharkiv
20%
Hapoel Tel Aviv
18%
Osasuna
18%
Rayo Vallecano
14%
Slovan Liberec
6%

Score Distribution

Percentile by Number Answered

Percent of People with Each Score

Your Score History

You have not taken this quiz since the last reset